000 00618nam a22002417a 4500
003 UA-OsUOA
001 39150
007 ta
008 20060613b un ||||| |||| 00| 0 ukr d
100 _aРоод Вим
090 _a27()091
_bР72
942 _cBK
040 _aUA-OsUOA
_brus
_cUA-OsUOA
_dUA-OsUOA
245 _aРим и Москва
300 _a279 с.
955 _a2
041 _arus
080 _a27()091
020 _a5-7707-6916-5
260 _aЛьвов
_bСвичадо
_c1995
650 7 _a27 Загальна історія Християнської церкви
_2UDC
999 _c325256
_d325256